Statistics for LittleBigPlanet OST

Click here to take the quiz!

General Stats

  • This quiz has been taken 6 times
  • The average score is 22 of 47

Answer Stats

ArtistOriginal Or Licensed?Song% Correct
BattlesLicensedAtlas
100%
Mat Clark & Kenneth YoungOriginalGardens IntMusic
100%
Mat ClarkOriginalIslands IntMusic
100%
Jim NoirLicensedMy Patch
100%
The Daniel Pemberton TV OrchestraLicensedRock The Jungle
100%
DJ KrushLicensedSong 2
100%
Mat ClarkOriginalTemples IntMusic
100%
Mat ClarkOriginalWedding IntMusic
100%
Mat ClarkOriginalCanyons IntMusic
75%
The Daniel Pemberton TV OrchestraLicensedGirly Goodie Two Shoes
75%
The Daniel Pemberton TV OrchestraLicensedRainbow Warrior
75%
Mat ClarkOriginalSavanah IntMusic
75%
Sergei ProkofievLicensedThe Battle On The Ice
75%
Café TacubaLicensedVolver A Comenzar
75%
Craig ArmstrongLicensed (DLC)Abomination Alley
50%
KinkyLicensedCornman
50%
Ananda ShankarLicensedDancing Drums
50%
Paul ThomsonOriginal (DLC)Ghost Ship
50%
Mat ClarkOriginalMetropolis IntMusic
50%
Kojima Productions SoundsLicensed (DLC)MGS2 'Yell "Dead Cell" (VR Remix)'
50%
Kojima Productions SoundsLicensed (DLC)MGS4 'The Hunted'
50%
Kojima Productions SoundsLicensed (DLC)MGS4 'The Hunter'
50%
Mat ClarkOriginal (DLC)Party Ghouls
50%
Toumani Diabete's Symmetric OrchestraLicensedTapha Niang
50%
Paul ThomsonOriginal (DLC)The End Is Nigh
50%
Paul ThomsonOriginal (DLC)The Tale Of Sack Sparrow
50%
The Daniel Pemberton TV OrchestraLicensedTricky Business
50%
Mat Clark & Kenneth YoungOriginalWilderness IntMusic
50%
The Daniel Pemberton TV OrchestraLicensedCries In The Wind
25%
Paul ThomsonOriginal (DLC)Deep Blue Quay
25%
The Go! TeamLicensedGet It Together
25%
The Daniel Pemberton TV OrchestraLicensedLeaders Of Men
25%
The NoveltonesLicensedLeft Bank Two
25%
Kenneth YoungOriginalNew Delhi Dawn
25%
Daniel PembertonLicensedThe Appliance Of Science
25%
Kenneth YoungOriginal (DLC)The Chrysalis Of Eternity
25%
Kenneth YoungOriginalDisco'N'Tinued
0%
Paul ThomsonOriginal (DLC)Frantic Pursuit
0%
Kojima Productions Sounds & Kenneth YoungLicensed (DLC)MGS1 "Encounter" Remix
0%
Kenneth YoungOriginal (DLC)No Caper
0%
James PantsLicensedRhythm Trax 07
0%
Kenneth YoungOriginalSaregama Sun
0%
Paul ThomsonOriginal (DLC)Showdown
0%
Kenneth YoungOriginalSkipping Syrtaki
0%
Mat ClarkOriginal (DLC)Tea By The Sea
0%
Mat ClarkOriginal (DLC)Well Trained
0%
Mat ClarkOriginal (DLC)Wise Owl
0%

Score Distribution

Percentile by Number Answered

Percent of People with Each Score

Your Score History

You have not taken this quiz